Cyclisme : Champion du Monde de cyclo-cross - Statistiques

Statistiques générales
  • Ce quiz a été pris 50 fois
    5 depuis la dernière actualisation
  • Le résultat moyen est 24 sur 77
Statistiques - réponses
Année Vainqueur % Correct
1996 Adrie van der Poel
100%
2025 Mathieu van der Poel
100%
2024 Mathieu van der Poel
100%
2023 Mathieu van der Poel
100%
2021 Mathieu van der Poel
100%
2020 Mathieu van der Poel
100%
2019 Mathieu van der Poel
100%
2015 Mathieu van der Poel
100%
2013 Sven Nys
80%
2005 Sven Nys
80%
2022 Tom Pidcock
80%
2018 Wout van Aert
80%
2017 Wout van Aert
80%
2016 Wout van Aert
80%
1973 Eric De Vlaeminck
60%
1972 Eric De Vlaeminck
60%
1971 Eric De Vlaeminck
60%
1970 Eric De Vlaeminck
60%
1969 Eric De Vlaeminck
60%
1968 Eric De Vlaeminck
60%
1966 Eric De Vlaeminck
60%
1975 Roger De Vlaeminck
60%
2004 Bart Wellens
40%
2003 Bart Wellens
40%
2014 Zdeněk Štybar
40%
2011 Zdeněk Štybar
40%
2010 Zdeněk Štybar
40%
1997 Daniele Pontoni
20%
1989 Danny De Bie
20%
2007 Erwin Vervecken
20%
2006 Erwin Vervecken
20%
2001 Erwin Vervecken
20%
1950 Jean Robic
20%
2002 Mario De Clercq
20%
1999 Mario De Clercq
20%
1998 Mario De Clercq
20%
2026 Mathieu van der Poel
20%
2012 Niels Albert
20%
2009 Niels Albert
20%
1994 Paul Herijgers
20%
2000 Richard Groenendaal
20%
1953 Roger Rondeaux
20%
1952 Roger Rondeaux
20%
1951 Roger Rondeaux
20%
1984 Roland Liboton
20%
1983 Roland Liboton
20%
1982 Roland Liboton
20%
1980 Roland Liboton
20%
1963 Rolf Wolfshohl
20%
1961 Rolf Wolfshohl
20%
1960 Rolf Wolfshohl
20%
1974 Albert Van Damme
0%
1986 Albert Zweifel
0%
1979 Albert Zweifel
0%
1978 Albert Zweifel
0%
1977 Albert Zweifel
0%
1976 Albert Zweifel
0%
1958 André Dufraisse
0%
1957 André Dufraisse
0%
1956 André Dufraisse
0%
1955 André Dufraisse
0%
1954 André Dufraisse
0%
1995 Dieter Runkel
0%
1993 Dominique Arnould
0%
1990 Henk Baars
0%
1981 Hennie Stamsnijder
0%
1987 Klaus-Peter Thaler
0%
1985 Klaus-Peter Thaler
0%
2008 Lars Boom
0%
1992 Mike Kluge
0%
1988 Pascal Richard
0%
1991 Radomir Simunek
0%
1967 Renato Longo
0%
1965 Renato Longo
0%
1964 Renato Longo
0%
1962 Renato Longo
0%
1959 Renato Longo
0%
Aucun quiz correspondant
Distribution des résultats
% des personnes avec chaque résultat
Percentile par nombre de réponses
Votre historique - résultats
Vous n’avez pas pris ce quiz depuis la dernière actualisation